Legitima defensa : (Registro nro. 19337)

Detalles MARC
000 -LEADER
fixed length control field 01310nam a2200313 4500
001 - CONTROL NUMBER
control field 0000013759
003 - CONTROL NUMBER IDENTIFIER
control field CO-CtgCURN
005 - DATE AND TIME OF LATEST TRANSACTION
control field 20250512214739.0
007 - PHYSICAL DESCRIPTION FIXED FIELD--GENERAL INFORMATION
fixed length control field ta
008 - FIXED-LENGTH DATA ELEMENTS--GENERAL INFORMATION
fixed length control field 160627s1994 000 0 eng d
020 ## - INTERNATIONAL STANDARD BOOK NUMBER
International Standard Book Number 9583500194
040 ## - CATALOGING SOURCE
Original cataloging agency CO-CtgCURN
Language of cataloging spa
Transcribing agency coctgcurn
082 0# - DEWEY DECIMAL CLASSIFICATION NUMBER
Classification number 343.186
Item number S218L
100 1# - MAIN ENTRY--PERSONAL NAME
Personal name Sandoval Fernández, Jaime.
245 10 - TITLE STATEMENT
Title Legitima defensa :
Remainder of title los derechos defendibles estudio comparativo en los derechos español y colombiano /
Statement of responsibility, etc. Jaime Sandoval Fernández.
260 ## - PUBLICATION, DISTRIBUTION, ETC.
Place of publication, distribution, etc. Bogotá :
Name of publisher, distributor, etc. Editorial Temis,
Date of publication, distribution, etc. 1994.
300 ## - PHYSICAL DESCRIPTION
Extent 307 p.
336 ## - CONTENT TYPE
Source rdacontent
337 ## - MEDIA TYPE
Source rdamedia
Media type term sin mediacion
Media type code n
338 ## - CARRIER TYPE
Source rdacarrier
Carrier type term volumen
Carrier type code nc
500 ## - GENERAL NOTE
General note Incluye indice.
504 ## - BIBLIOGRAPHY, ETC. NOTE
Bibliography, etc. note Bibliografia (p. 290-296)
505 8# - FORMATTED CONTENTS NOTE
Formatted contents note El fundamento de la Legitima defensa.--Derechos defendibles en legitima defensa conceptos y ubicacion.--Los requisitos de la legitima defensa.--Los derechos defendibles concepciones doctrinales.--Los derechos defendibles delimitacion referentes sociales y ejemplos
650 14 - SUBJECT ADDED ENTRY--TOPICAL TERM
Topical term or geographic name entry element Defensa putativa de personas
Geographic subdivision Colombia.
908 ## - PUT COMMAND PARAMETER (RLIN)
Put command parameter 160627
942 ## - ADDED ENTRY ELEMENTS (KOHA)
Koha item type Libros
Classification part 343.186
Item part S218L
Source of classification or shelving scheme Dewey Decimal Classification
Suppress in OPAC No
Existencias
Withdrawn status Lost status Source of classification or shelving scheme Damaged status Not for loan Collection Home library Current library Shelving location Date acquired Inventory number Total checkouts Full call number Barcode Date last seen Copy number Price effective from Koha item type Public note
    Dewey Decimal Classification     General Miguel Henríquez Castañeda Miguel Henríquez Castañeda General 03/31/2025 004365   343.186 S218 L 004365 03/31/2025 ej.1 03/31/2025 Libros 340-DEREC
    Dewey Decimal Classification     General Miguel Henríquez Castañeda Miguel Henríquez Castañeda General 03/31/2025 004366   343.186 S218 L 004366 03/31/2025 ej.2 03/31/2025 Libros 340-DEREC